1794 1945 1657 1519 1267 1548 1553 1042 1925 1351 1701 1199 1794 1952 1108 1562 1887 1698 1000 1956 1677 1078 1248 1501 1619 1044 1610 1553 1667 1113 1265 1676 1181 1696 1590 1451 1153 1497 1649 1576 1850 1588 1865 1864 1645 1305 1652 1062 1354 1015 1409 1211 1995 1966 1705 1912 1161 1014 1640 1556 1855 1195 1842 1339 1015 1139 1821 1987 1057 1459 1493 1318 1871 1680 1211 1795 1097 1572 1247 1135 1266 1687 1626 1902 1627 1446 1732 1774 1097 1111 1691 1375 1897 1728 1859 1407 1138 1211 1769 BCNSPRNW ULIB Ver.6.0+V

เปลี่ยนเป็นภาษาไทย

Change to English
 แสดงรายละเอียดบรรณานุกรม
  กลับหน้าหลัก

Brief Record : Get Marc (ISO 2709) : E-mail record : QR code < ปิดหน้าต่าง
LEADER : 00000nam 2200000uu 4500
001    13399126055
003     ULIB
008    180515s2560||||th 000 0 tha d
020    ^a9786167741291
060    ^aWB110^bส642ว
100    ^aสาธิต คูระทอง...[และคนอื่นๆ]
245    ^aเวชศาสตร์เขตเมือง 4.0
250    ^aพิมพ์ครั้งที่ 1
260    ^aกรุงเทพฯ :^bคณะแพทยศาสตร์วชิรพยาบาล มหาวิทยาลัยนวมินทราธิราช,^c2560
300    ^a520 หน้า :^bภาพประกอบ ;^c26 ซม.
500    ^a 600 บาท
650    ^aเวชศาสตร์
945    ^p600^l0^i003754
945    ^p600^l0^i003755
945    ^p600^l0^i003756
945    ^p600^l0^i003757
945    ^p600^l0^i003758
945    ^p600^l0^i003759
945    ^p600^l0^i003760
945    ^p600^l0^i003761
945    ^p600^l0^i003762
945    ^p600^l0^i003763
999    ^aประนอม เกษจรัล
รายการนี้ยังไม่มีแท็ก
คุณยังไม่ได้ล็อกอิน คุณสามารถมีกิจกรรมร่วมกับเว็บไซต์ได้ แต่ต้องล็อกอินก่อน ::
  ล็อกอิน

รายการสื่อสารสนเทศ

ลำดับที่ ประเภท เลขเรียก/บาร์โค้ด สถานที่ สถานะ
1. หนังสือสำรอง
หนังสือสำรอง
WB110 ส642ว ฉ.1 
  Barcode: 003754
ห้องสมุดวิทยาเขตนครสวรรค์
►นวนิยาย:l:Fiction
บนชั้น
2. วิทยาศาสตร์การแพทย์ และสุขภาพ
วิทยาศาสตร์การแพทย์ และสุขภาพ
WB110 ส642ว ฉ.10 
  Barcode: 003763
ห้องสมุดวิทยาเขตนครสวรรค์
►นวนิยาย:l:Fiction
บนชั้น
3. วิทยาศาสตร์การแพทย์ และสุขภาพ
วิทยาศาสตร์การแพทย์ และสุขภาพ
WB110 ส642ว ฉ.2 
  Barcode: 003755
ห้องสมุดวิทยาเขตนครสวรรค์
►นวนิยาย:l:Fiction
บนชั้น
4. วิทยาศาสตร์การแพทย์ และสุขภาพ
วิทยาศาสตร์การแพทย์ และสุขภาพ
WB110 ส642ว ฉ.3 
  Barcode: 003756
ห้องสมุดวิทยาเขตนครสวรรค์
►นวนิยาย:l:Fiction
บนชั้น
5. วิทยาศาสตร์การแพทย์ และสุขภาพ
วิทยาศาสตร์การแพทย์ และสุขภาพ
WB110 ส642ว ฉ.4 
  Barcode: 003757
ห้องสมุดวิทยาเขตนครสวรรค์
►นวนิยาย:l:Fiction
บนชั้น
6. วิทยาศาสตร์การแพทย์ และสุขภาพ
วิทยาศาสตร์การแพทย์ และสุขภาพ
WB110 ส642ว ฉ.5 
  Barcode: 003758
ห้องสมุดวิทยาเขตนครสวรรค์
►นวนิยาย:l:Fiction
บนชั้น
7. วิทยาศาสตร์การแพทย์ และสุขภาพ
วิทยาศาสตร์การแพทย์ และสุขภาพ
WB110 ส642ว ฉ.6 
  Barcode: 003759
ห้องสมุดวิทยาเขตนครสวรรค์
►นวนิยาย:l:Fiction
บนชั้น
8. วิทยาศาสตร์การแพทย์ และสุขภาพ
วิทยาศาสตร์การแพทย์ และสุขภาพ
WB110 ส642ว ฉ.7 
  Barcode: 003760
ห้องสมุดวิทยาเขตนครสวรรค์
►นวนิยาย:l:Fiction
บนชั้น
9. วิทยาศาสตร์การแพทย์ และสุขภาพ
วิทยาศาสตร์การแพทย์ และสุขภาพ
WB110 ส642ว ฉ.8 
  Barcode: 003761
ห้องสมุดวิทยาเขตนครสวรรค์
►นวนิยาย:l:Fiction
บนชั้น
10. วิทยาศาสตร์การแพทย์ และสุขภาพ
วิทยาศาสตร์การแพทย์ และสุขภาพ
WB110 ส642ว ฉ.9 
  Barcode: 003762
ห้องสมุดวิทยาเขตนครสวรรค์
►นวนิยาย:l:Fiction
บนชั้น

รายการใกล้เคียง
    ชื่อเรื่อง [เวชศาสตร์เขตเมือง 4.0]

    ผู้แต่ง [สาธิต คูระทอง...[และคนอื่นๆ]]

    หัวเรื่อง [เวชศาสตร์]

BibComment


ยังไม่เคยถูกคอมเมนท์

คอมเมนท์ทรัพยากรรายการนี้
  คอมเมนท์: เวชศาสตร์เขตเมือ..


 Copyright 2026. Bcnsprnw @Library